• 首页
  • 本馆介绍
  • 公告通知
  • 最新文献
  • 馆藏检索
  • 电子资源
  • 读者导购
  • 参考咨询
  • 我的图书馆
  • 登录
  • 详细信息显示
  • 放入我的书架
  • 预约/预借图书
  • 作者相关作品
  • 分类相关作品
  • 丛书相关作品
  • 出版社相关作品

书目信息

  • 表格格式
  • 工作单格式
  • 卡片格式
题名:
模拟电子技术
    
 
作者: 蔡红娟 主编
分册:  
出版信息: 武汉   华中科技大学出版社  2016
页数: 209页
开本: 26cm
丛书名:
单 册:
中图分类: TN710.4
科图分类:
主题词: 模拟电路--教材--高等学校--电子技术
电子资源:
ISBN: 978-7-5680-1421-2
000 01103nam0 2200229 450
001 444
005 20160905103624.31
010    @a978-7-5680-1421-2@dCNY29.80
100    @a20160321d2016 em y0chiy50 ea
101 0  @achi
102    @aCN@b420000
105    @ay z 000yy
200 1  @a模拟电子技术@9mo ni dian zi ji shu@f蔡红娟主编
210    @a武汉@c华中科技大学出版社@d2016
215    @a209页@d26cm
300    @a普通高等院校电子信息与电气工程类专业教材
330    @a本书共分8章:半导体器件、基本放大电路、放大电路的频率响应、集成运算放大电路、信号的基本运算与滤波处理、负反馈放大电路、波形的产生与变换、直流电源。本书在内容选取上以工程应用为背景,结构编排上遵行“先器件后电路,先基础后应用”的原则,由浅入深。前两章阐述了半导体器件及其基本应用电路,既强调了基础知识又注重了知识的应用,体现了“管为路用”的思想;之后将集成运放作为基本电子器件来阐述各类单元电路的工作原理和工程应用,解决了“入门难”的问题。
606 0  @a模拟电路@j教材@x高等学校@x电子技术
690    @aTN710.4@v5
701  0 @a蔡红娟@9cai hong juan@4主编
801  0 @aCN@b唐山师范学院图书馆@c20160722
905    @aZUCC@dTN710.4@e274
    
    模拟电子技术/蔡红娟主编.-武汉:华中科技大学出版社,2016
    209页;26cm
    普通高等院校电子信息与电气工程类专业教材
    
    ISBN 978-7-5680-1421-2:CNY29.80
    本书共分8章:半导体器件、基本放大电路、放大电路的频率响应、集成运算放大电路、信号的基本运算与滤波处理、负反馈放大电路、波形的产生与变换、直流电源。本书在内容选取上以工程应用为背景,结构编排上遵行“先器件后电路,先基础后应用”的原则,由浅入深。前两章阐述了半导体器件及其基本应用电路,既强调了基础知识又注重了知识的应用,体现了“管为路用”的思想;之后将集成运放作为基本电子器件来阐述各类单元电路的工作原理和工程应用,解决了“入门难”的问题。
●
相关链接 在E读中查询图书 在五车中查询图书 在当当中查询图书 在豆瓣中查询图书


正题名:模拟电子技术     索取号:TN710.4/274         预约/预借

序号 登录号 条形码 馆藏地/架位号 状态 备注
1 901873   209018739   第二样本阅览室/ [索取号:TN710.4/274] 在馆    
2 901874   209018748   第三借阅区/ [索取号:TN710.4/274] 在馆    
3 901875   209018757   第三借阅区/ [索取号:TN710.4/274] 在馆    
4 901876   209018766   第三借阅区/ [索取号:TN710.4/274] 在馆    
5 901877   209018775   密集书库-物理学院/ [索取号:TN710.4/274] 在馆    
唐山师范学院图书馆 欢迎您!
大连网信软件有限公司© 版权所有